| 000 | 00432nam a2200181Ia 4500 | ||
|---|---|---|---|
| 003 | OSt | ||
| 005 | 20230509090750.0 | ||
| 008 | 230312s9999||||xx |||||||||||||| ||und|| | ||
| 020 | _a0-619-03565-x | ||
| 040 | _cSuperior University | ||
| 082 |
_a005.133 _bDOK-O |
||
| 100 | _aPlante;Nick | ||
| 245 | 0 | _aPractical Rails Plugins | |
| 260 |
_bThomson _aUSA _c2002 |
||
| 300 | _a709 | ||
| 650 |
_aComputer _vComputer |
||
| 942 |
_cBK _2ddc |
||
| 999 |
_c15104 _d15104 |
||